000
00323nam a22001337a 4500
008
171107b xxu||||| |||| 00| 0 eng d
020
_a
9780030970528
041
_a
eng
080
_2
4th
_a
330.322
100
_a
63
101
_a
INV
245
_a
INVESTMENT ANALYSIS AND PORTFOLIO MANAGEMENT
_c
REILLY,F.K
942
_2
udc
_c
BK
999
_c
38090
_d
38090